| 000 | 00784nam a22001937a 4500 | ||
|---|---|---|---|
| 003 | OSt | ||
| 005 | 20250918094907.0 | ||
| 008 | 240301b ||||| |||| 00| 0 eng d | ||
| 040 | _c03 | ||
| 082 | _aDPer 621.317 Ie21 June 2022 v. 37 n. 6 | ||
| 100 |
_aYoo, Jiwon. _eauthor. _953798 |
||
| 245 |
_aDynamic overmodulation scheme for improved current regulation in PMSM drives / _cJiwon Yoo and Seung-Ki Sul. |
||
| 260 |
_aNew York ; _bThe Institute of Electrical and Electronics Engineers, Inc. , _cJune 2022. |
||
| 300 |
_aVolume 37, pages 7132-7144 : _billustration ; _c29 cm. |
||
| 500 | _aIEEE Transactions on Power Electronics, vol. 37, no. 6, pages 7132-7144, June 2022. | ||
| 700 |
_aYoo, Jiwon. _eauthor. _953798 |
||
| 700 |
_aSul, Seung-Ki. _eauthor. _953799 |
||
| 942 |
_2ddc _cPER |
||
| 999 |
_c19482 _d19482 |
||